000 00690cam a2200217 4500
001 ABS61776
008 000000n2000 000 0 eng u
035 _a(Sirsi) u104036
245 _aFocus 2000: Cambridgeshire
260 _c2000
490 _aEstates Gazette
_v(0004) 29 January 2000, 75-98(14)
590 _aABS
650 _aCAMBRIDGE
650 _aBUSINESS PARKS
650 _aPROPERTY-COMMERCIAL PROPERTY-OFFICE PROPERTY-OFFICE PROPERTY MARKET
650 _aPROPERTY-COMMERCIAL PROPERTY-RETAIL PROPERTY-RETAIL PROPERTY MARKET
650 _aINDUSTRIAL MARKET
650 _aPETERBOROUGH
690 _aPROPERTY-COMMERCIAL PROPERTY-COMMERCIAL PROPERTY MARKET
942 _n0
999 _c62439
_d62439